| 000 | 00355nam a2200145Ia 4500 | ||
|---|---|---|---|
| 008 | 191201s2005 xx 000 0 und d | ||
| 082 |
_a621.3822 _bSAD |
||
| 100 | _aSalivahanan,S | ||
| 245 | 0 | _aDigital Signal Processing | |
| 250 | _a15th Rep | ||
| 260 |
_aN.Delhi _bTata mc Graw Hill _c2005 |
||
| 300 | _a808 | ||
| 650 | _aB.Tech(ECE) | ||
| 942 |
_2ddc _cBK _09 |
||
| 999 |
_c939 _d939 |
||